000
00431nam a2200145Ia 4500
008
100204s9999 xx 000 0 und d
082
_b
11417
100
_a
थोरे अशोक श्रीधर
245
_a
मेसेज
260
_b
"रावजी प्रकाशन , डोंबिवली"
_c
1988
300
_a
184
630
_a
मेसेज
730
_a
मेसेज
942
_c
BOOK
999
_c
455853
_d
455850